Catálogo
 En Linea

Creatividad comunitaria : (Registro nro. 32733)

Detalles MARC
000 -CABECERA
campo de control de longitud fija 00467nam a2200181 a 4500
003 - IDENTIFICADOR DEL NÚMERO DE CONTROL
campo de control DO-SdBNP
005 - FECHA Y HORA DE LA ÚLTIMA TRANSACCIÓN
campo de control 20220208133324.0
007 - CAMPO FIJO DE DESCRIPCIÓN FÍSICA--INFORMACIÓN GENERAL
campo de control de longitud fija ta
008 - DATOS DE LONGITUD FIJA--INFORMACIÓN GENERAL
campo de control de longitud fija 110823s2004 000 spa d
040 ## - FUENTE DE LA CATALOGACIÓN
Centro catalogador/agencia de origen DO-SdBNP
Lengua de catalogación spa
Centro/agencia transcriptor BNPHU
082 ## - NÚMERO DE LA CLASIFICACIÓN DECIMAL DEWEY
Número de clasificación xxx
Número de documento/Ítem C912
245 #0 - MENCIÓN DE TÍTULO
Título Creatividad comunitaria :
Resto del título cibernética social 2
260 ## - PUBLICACIÓN, DISTRIBUCIÓN, ETC.
Lugar de publicación, distribución, etc. [s.n.],
Fecha de publicación, distribución, etc. [19?].
Nombre del editor, distribuidor, etc. Siglo XXI
300 ## - DESCRIPCIÓN FÍSICA
Extensión 41 p.:
Otras características físicas il. ;
Dimensiones 22 cm
590 ## - NOTA LOCAL (RLIN)
Nota local Inventariado, 2022 / DG
910 ## - DATOS DE OPCIÓN DEL USUARIO (OCLC)
Datos de opción del usuario DG
942 ## - ELEMENTOS DE PUNTO DE ACCESO ADICIONAL (KOHA)
Fuente del sistema de clasificación o colocación Dewey Decimal Classification
Tipo de ítem Koha Libro
Existencias
Estado de retiro Estado de pérdida Fuente del sistema de clasificación o colocación Restricciones de uso No para préstamo Código de colección Localización permanente Ubicación/localización actual Ubicación en estantería Fecha de adquisición Total de préstamos Signatura topográfica completa Código de barras Fecha visto por última vez Precio válido a partir de Tipo de ítem Koha
    Dewey Decimal Classification Excluido de préstamo   Monografías: Libros y Folletos Biblioteca Nacional Pedro Henríquez Ureña Patrimonio Dominicano En catalogación 08.02.2022   xxx C912 2022-0679 08.02.2022 08.02.2022 Libro

Con tecnología Koha